LIBRARY & INFORMATION CENTRE, KCAET, TAVANUR

ONLINE PUBLIC ACCESS CATALOGUE (OPAC)

Semiconductor optoelectronic devices: Introduction to physics and simulation / (Record no. 13377)

MARC details
000 -LEADER
fixed length control field 00415cam a2200145ua 4500
041 ## - LANGUAGE CODE
Language code of text/sound track or separate title eng
082 ## - DEWEY DECIMAL CLASSIFICATION NUMBER
Classification number 539.7
Item number PIP/SE
100 ## - MAIN ENTRY--AUTHOR NAME
Personal name Piprek, Joachim .
245 ## - TITLE STATEMENT
Title Semiconductor optoelectronic devices: Introduction to physics and simulation /
260 ## - PUBLICATION, DISTRIBUTION, ETC. (IMPRINT)
Place of publication New York :
Name of publisher Academic Press ,
Year of publication 2008.
300 ## - PHYSICAL DESCRIPTION
Number of Pages 279 ; .
942 ## - ADDED ENTRY ELEMENTS (KOHA)
Koha item type Books
Holdings
Withdrawn status Lost status Damaged status Home library Current library Date acquired Full call number Accession Number Koha item type
      KAUAET KAUAET 07/04/2012 539.7 PIP/SE 21475 Books
free website counter